| 000 | 01311nam a2200301 i 4500 | ||
|---|---|---|---|
| 001 | 123976 | ||
| 003 | ES-MaACL | ||
| 005 | 20251219095334.0 | ||
| 007 | t| | ||
| 008 | 070214s1923 sp r ||||1| spa d | ||
| 080 | _a327(460)"1874/1902" | ||
| 080 | _a327(460)"1902/31" | ||
| 080 | _a929 Villa-Urrutia, Wenceslao Ramírez de Villa-Urrutia, Marqués de | ||
| 080 | _a94(4)"1871/1918"(093.3) | ||
| 100 | 1 |
_aVilla-Urrutia, Wenceslao Ramírez de Villa-Urrutia, _cMarqués de, _d1850-1933 _9114894 |
|
| 245 | 1 | 0 |
_aPalique diplomático _b: recuerdos de un embajador / _cMarqués de Villa-Urrutia ; prólogo del Excmo. Sr. D. Gabriel Maura Gamazo. |
| 260 |
_aMadrid : _bFrancisco Beltrán : _bLibrería Española y Extranjera, _c1923 ( _fTip. Artística) |
||
| 300 |
_a174 p. ; _c22 cm. |
||
| 530 | _aDisponible en formato digital. | ||
| 651 | 4 |
_aEspaña- _xPolítica exterior- _y1902-1931. _98422 |
|
| 651 | 4 |
_aEspaña- _xPolítica exterior- _y1874-1902. _9147689 |
|
| 651 | 4 |
_aEuropa- _xHistoria- _y1871-1918- _vRelatos personales. _9147690 |
|
| 700 | 1 |
_aMaura Gamazo, Gabriel, _cDuque de Maura, _d1879-1963 _979221 |
|
| 852 |
_aES-MaACL _jF-6026 _cDEPO2 |
||
| 856 | 4 |
_uhttp://bdh-rd.bne.es/viewer.vm?id=0000167954&page=1 _y(Biblioteca Digital Hispánica) |
|
| 942 | _2udc | ||
| 999 |
_c123976 _d123976 |
||